Fundamentals of computers / (Record no. 28839)

MARC details
000 -LEADER
fixed length control field 00769nam a22002178a 4500
005 - DATE AND TIME OF LATEST TRANSACTION
control field 2009080104224.0
008 - FIXED-LENGTH DATA ELEMENTS--GENERAL INFORMATION
fixed length control field 090213s2009 nyu b 001 0 eng
010 ## - LCCN (DPL NO)
LC control number ENG-94606
020 ## - INTERNATIONAL STANDARD BOOK NUMBER
International Standard Book Number 8189630164
Terms of availability 400.00
035 ## - SYSTEM CONTROL NUMBER
System control number EN-78139
037 ## - SOURCE OF ACQUISITION
Source of stock number/acquisition DBAD / PUB
040 ## - CATALOGING SOURCE
Original cataloging agency dpl
Language of cataloging English
082 ## - DEWEY DECIMAL CLASSIFICATION NUMBER
Classification number 004
100 ## - MAIN ENTRY--PERSONAL NAME
Personal name Sarojini, K.
245 ## - TITLE STATEMENT
Title Fundamentals of computers /
Statement of responsibility, etc by K. Sarojini
260 ## - PUBLICATION, DISTRIBUTION, ETC. (IMPRINT)
Place of publication, distribution, etc New Delhi
Name of publisher, distributor, etc Global Research Publications
Date of publication, distribution, etc 2008
270 ## - ADDRESS
Address 4800/24, Ist Floor, Ansari Road, Daryaganj
City New Delhi
Postal code 110002
300 ## - PHYSICAL DESCRIPTION
Extent xii, 129p.
Dimensions 22cm(Hb)
942 ## - ADDED ENTRY ELEMENTS (KOHA)
Source of classification or shelving scheme Dewey Decimal Classification
Item type English Books
Call number suffix SAR
Classification part 004
Holdings
Withdrawn status Lost status Source of classification or shelving scheme Damaged status Not for loan Collection code Home library Current library Date acquired Source of acquisition Cost, normal purchase price Total Checkouts Full call number Barcode Date last seen Copy number Cost, replacement price Koha item type
    Dewey Decimal Classification   Not For Loan Non-fiction D.B.Act.Division D.B.Act.Division 01/08/2009 DBAD / PUB 400.00   004 SAR EN-78139 01/08/2009 1 400.00 English Books

© Delhi Public Library
Hit Counter
free hit counter